Βασιλική Κοσκινιώτου : καταγωγές και κλίμακες = Vassiliki Koskiniotou : origins and ladders.

Αποθηκεύτηκε σε:
Λεπτομέρειες βιβλιογραφικής εγγραφής
Κύριος συγγραφέας: Κοσκινιώτου, Βασιλική
Μορφή: Βιβλίο
Γλώσσα:Greek
English
Δημοσίευση: [Αθήνα : χ. ό., 2008]
Θέματα:
Ετικέτες: Προσθήκη ετικέτας
Δεν υπάρχουν, Καταχωρήστε ετικέτα πρώτοι!

MARC

LEADER 00000cam a2200000 a 4500
001 1/111381
008 160720s2008####gr | ||| |||| ||gre||
020 |a 9789609308571 
040 |a GR-MyUa  |b gre  |c GR-MyUa  |e AACR2 
041 0 |a gre  |a eng 
082 7 |a 700.92   |2 (23)  
100 1 |a Κοσκινιώτου, Βασιλική. 
245 1 0 |a Βασιλική Κοσκινιώτου :   |b καταγωγές και κλίμακες = Vassiliki Koskiniotou : origins and ladders.  
246 1 |i Παράλληλος τίτλος:   |a Vassiliki Koskiniotou :   |b origins and ladders  
260 |a [Αθήνα :   |b χ. ό.,   |c 2008]  
300 |a 47 σ. :   |b εικ. ;   |c 22 εκ.  
500 |a Κατάλογος έκθεσης: Titanium Yiayiannos Gallery, Σεπ 2008.  
600 1 7 |2 nlgaf  |a Κοσκινιώτου, Βασιλική  |v Exhibitions. 
852 |a INST  |b SYROS  |e 20160720  |h 700.92 ΚΟΣ  |p 005500012670  |q 005500012670  |t BK  |y 0 
970 |a Κοντού  |b Παρασκευή  |z 20/07/2016